LIBRARY & INFORMATION CENTRE, KCAET, TAVANUR

ONLINE PUBLIC ACCESS CATALOGUE (OPAC)

Water-Resources Engineering (Record no. 13865)

MARC details
000 -LEADER
fixed length control field 00288nam a22001337a 4500
020 ## - INTERNATIONAL STANDARD BOOK NUMBER
ISBN 9780131481923
082 ## - DEWEY DECIMAL CLASSIFICATION NUMBER
Classification number 627 CHI/WA
100 ## - MAIN ENTRY--AUTHOR NAME
Personal name Chin, David A
245 ## - TITLE STATEMENT
Title Water-Resources Engineering
250 ## - EDITION STATEMENT
Edition statement Ed.2
260 ## - PUBLICATION, DISTRIBUTION, ETC. (IMPRINT)
Place of publication New Jersey
Name of publisher Pearson
Year of publication 2006
300 ## - PHYSICAL DESCRIPTION
Number of Pages 962
942 ## - ADDED ENTRY ELEMENTS (KOHA)
Koha item type Books
Holdings
Withdrawn status Lost status Damaged status Collection code Home library Current library Shelving location Date acquired Source of acquisition Cost, normal purchase price Full call number Accession Number Koha item type
      Reference KAUAET KAUAET Reference 31/03/2012 Dreamtech ,Thiruvananthapuram 9601.50 627 CHI/WA 23155 Books
free website counter